Poor in urban India: life in the slums of a Western Indian city (Record no. 399232)

000 -LEADER
fixed length control field 00461cam a22001577a 4500
008 - FIXED-LENGTH DATA ELEMENTS--GENERAL INFORMATION
fixed length control field 180718b2001 xxu||||| |||| 00| 0 eng d
020 ## - INTERNATIONAL STANDARD BOOK NUMBER
International Standard Book Number 8170336902
082 ## - DEWEY DECIMAL CLASSIFICATION NUMBER
Classification number Q31x54 L786
100 ## - MAIN ENTRY--PERSONAL NAME
Personal name Lobo, Lancy
245 ## - TITLE STATEMENT
Title Poor in urban India: life in the slums of a Western Indian city
Statement of responsibility, etc. by Lancy Lobo and Biswaroop Das
260 ## - PUBLICATION, DISTRIBUTION, ETC.
Place of publication, distribution, etc. Jaipur
Name of publisher, distributor, etc. Rawat
Date of publication, distribution, etc. 2001
300 ## - PHYSICAL DESCRIPTION
Extent 203p.
650 ## - SUBJECT ADDED ENTRY--TOPICAL TERM
Topical term or geographic name entry element Poverty - India
650 ## - SUBJECT ADDED ENTRY--TOPICAL TERM
Topical term or geographic name entry element Urban poor - India
700 ## - ADDED ENTRY--PERSONAL NAME
Personal name Das, Biswaroop
Holdings
Withdrawn status Lost status Damaged status Not for loan Permanent Location Current Location Date acquired Full call number Barcode Date last seen Price effective from Koha item type
        Indian Institute of Public Administration Indian Institute of Public Administration 2002-02-19 Q31x54 L786 DA6203 2018-07-21 2018-07-21 DA

Powered by Koha